Microfinance and inclusive growth In India (Record no. 23255)

MARC details
000 -LEADER
fixed length control field 00485nam a2200169Ia 4500
008 - FIXED-LENGTH DATA ELEMENTS--GENERAL INFORMATION
fixed length control field 230917s9999||||xx |||||||||||||| ||und||
020 ## - ISBN
Price RS950
040 ## - CATALOGING SOURCE
-- 241232
Original cataloging agency VIVEKANANDA LIBRARY
041 ## - Language
-- English
082 ## - DDC NUMBER
Classification number 332.710954 C393M
100 ## - MAIN ENTRY--PERSONAL NAME
Personal name Chaudhury, Suman Kalyan
245 #0 - TITLE STATEMENT
Title Microfinance and inclusive growth In India
260 ## - PUBLICATION, DISTRIBUTION, ETC. (IMPRINT)
Place of publication, distribution, etc New Delhi
Name of publisher, distributor, etc SSDN Publishers
Date of publication, distribution, etc 2014
300 ## - PHYSICAL DESCRIPTION
Pages 268 p.
500 ## - GENERAL NOTE
General note 2786 21/07/2017 RBP17/66742 21/07/2017 IMSAR (Dev. & Research)
942 ## - ADDED ENTRY ELEMENTS (KOHA)
Koha item type Books
Holdings
Withdrawn status Lost status Damaged status Not for loan Location (home branch) Sublocation or collection (holding branch) Shelving location Date acquired Koha issues (times borrowed) Koha full call number Accession No. Koha date last seen Koha item type
        VIVEKANANDA LIBRARY VIVEKANANDA LIBRARY IMSAR Library 15/09/2017   332.710954 C393M 362387 17/09/2023 Books
        VIVEKANANDA LIBRARY VIVEKANANDA LIBRARY IMSAR Library 15/09/2017   332.710954 C393M 362388 17/09/2023 Books
        VIVEKANANDA LIBRARY VIVEKANANDA LIBRARY IMSAR Library 15/09/2017   332.710954 C393M 366500 17/09/2023 Books
© Designed and Maintained by Vivekananda Library, MDU Rohtak